000 00927cam a22002897a 4500
003 CHAP
005 20220329135103.0
008 971013s1971 r 00010 d
010 _a30728
011 _a31700
035 _a35812
040 _cCHAP
082 _a526.982
_bC67
100 0 0 _aCortés Lombana, Abdón.
_928373
245 1 4 _aLas nuevas técnicas de la percepción remota
260 _aBogotá :
_bCentro Interamericano de Fotointerpretación,
_c1971
300 _a115 h.
_b: ilus. ; gráfs.
590 _aBATCH-UPD
_b10
_c20130110
_lUCH01
_h1654
590 _aBATCH-UPD
_b10
_c20130410
_lUCH01
_h1042
590 _aBATCH-UPD
_b10
_c20130914
_lUCH01
_h1109
590 _aCONVERSION
_b10
_c20130109
_lUCH01
_h1317
650 1 4 _aFotografía aérea.
_942714
650 1 4 _aSensores remotos.
_9104427
901 _aBK
942 _cLIBRO
949 _a526.982 C67
_bBC
_cLIBRO
_d33724000937231
_eLIBRO
_h53547
_i35812
_si
_t161.00
999 _c30728
_d30728